HARRY POTTER CHARACTERS hard - Statistics

General Stats
  • This quiz has been taken 48 times
  • The average score is 17 of 22
Answer Stats
Hint Answer % Correct
Potter Harry
100%
Weasley Ronald/Ron
100%
Malfoy Draco
97%
Granger Hermione
97%
Potter James
97%
Black Sirius
97%
Potter Albus
94%
Dumbledore Albus
94%
Potter Lily
94%
LoveGood Luna
94%
Longbottom Neville
94%
Riddle Tom
94%
Hagrid Rubeus
91%
Lord Voldemort
79%
Mcgonagall Minerva
76%
Snape Severus
53%
Malfoy Scorpius
38%
Quirrell Quirinus
35%
Crabbe Vincent
35%
Weasley Bill
32%
Goyle Gregory
32%
Weasley Charlie
29%
No matching quizzes found
Score Distribution
Percent of People with Each Score
Percentile by Number Answered
Your Score History
You have not taken this quiz